ბათუმის შოთა რუსთაველის სახელმწიფო უნივერსიტეტის ბიბლიოთეკა

ფასიანი ქაღალდების ბაზარი (ბიბ.ჩანაწერი № 41713)

000 -LEADER
fixed length control field 00754nam a2200229Ia 4500
001 - CONTROL NUMBER
control field 8393
003 - CONTROL NUMBER IDENTIFIER
control field GE_BSU
008 - FIXED-LENGTH DATA ELEMENTS--GENERAL INFORMATION
fixed length control field 181216s||||||||xx |||||||||||||| ||und||
020 ## - INTERNATIONAL STANDARD BOOK NUMBER
International Standard Book Number 9789941015137
040 ## - CATALOGING SOURCE
Transcribing agency GE_BSU
080 ## - UNIVERSAL DECIMAL CLASSIFICATION NUMBER
Universal Decimal Classification number 336.763
100 ## - MAIN ENTRY--PERSONAL NAME
Personal name ქოქიაური,ლამარა, შონია,ნანა
245 ## - TITLE STATEMENT
Title ფასიანი ქაღალდების ბაზარი
245 ## - TITLE STATEMENT
Statement of responsibility, etc. მეცნ.რედ.ნიკო ჩიხლაძე
260 ## - PUBLICATION, DISTRIBUTION, ETC.
Place of publication, distribution, etc. თბილისი
260 ## - PUBLICATION, DISTRIBUTION, ETC.
Name of publisher, distributor, etc. თსუ
260 ## - PUBLICATION, DISTRIBUTION, ETC.
Date of publication, distribution, etc. 2008
300 ## - PHYSICAL DESCRIPTION
Extent 438გვ.ნახ.სურ. ცხრ.29სმ.
653 ## - INDEX TERM--UNCONTROLLED
Uncontrolled term ფასიანი ქაღალდების ბაზარი
942 ## - ADDED ENTRY ELEMENTS (KOHA)
Koha item type წიგნი
ეგზემპლარები
Withdrawn status Lost status Damaged status Not for loan Date acquired Barcode Date last seen Price effective from Koha item type
        2018-12-17 30362 2018-12-17 2018-12-17 წიგნი
        2018-12-17 30363 2018-12-17 2018-12-17 წიგნი
        2018-12-17 30364 2018-12-17 2018-12-17 წიგნი
        2018-12-17 30365 2018-12-17 2018-12-17 წიგნი
        2018-12-17 30366 2018-12-17 2018-12-17 წიგნი
        2018-12-17 30367 2018-12-17 2018-12-17 წიგნი
        2018-12-17 30369 2018-12-17 2018-12-17 წიგნი
        2018-12-17 30370 2018-12-17 2018-12-17 წიგნი
        2018-12-17 30371 2018-12-17 2018-12-17 წიგნი
        2018-12-17 30368 2018-12-17 2018-12-17 წიგნი